Strike Command : (Record no. 618210)

MARC details
000 -LEADER
fixed length control field 00479nam a2200193 a 4500
008 - FIXED-LENGTH DATA ELEMENTS--GENERAL INFORMATION
fixed length control field 260330s2003##################000#0#eng##
020 ## - INTERNATIONAL STANDARD BOOK NUMBER
ISBN 9780755310593
082 04 - DEWEY DECIMAL CLASSIFICATION NUMBER
Classification number 358.400941
Item number PAR
100 1# - MAIN ENTRY--AUTHOR NAME
Personal name Parker, John,
245 10 - TITLE STATEMENT
Title Strike Command :
260 ## - PUBLICATION, DISTRIBUTION, ETC. (IMPRINT)
Year of publication 2003.
300 ## - PHYSICAL DESCRIPTION
Number of Pages 440 pages
650 #0 - SUBJECT ADDED ENTRY--TOPICAL TERM
Topical Term Air pilots, Military.
942 ## - ADDED ENTRY ELEMENTS (KOHA)
Koha item type English Books
Holdings
Withdrawn status Lost status Damaged status Not for loan Home library Current library Shelving location Date acquired Full call number Accession Number Price effective from Koha item type
        Anna Centenary Library Anna Centenary Library 4TH FLOOR, A WING 30.03.2026 358.400941 PAR 363467 30.03.2026 English Books

Find us on the map